|
|
|
|
| LEADER |
00803nam a2200181Ia 4500 |
| 008 |
160114b xxu||||| |||| 00| 0 eng d |
| 020 |
|
|
|a 8170002168
|
| 082 |
|
|
|a 020
|
| 245 |
|
|
|a Universe of knowledge
|b Its development structure /
|c edited by N. Laxman Rao and A. A. N. Raju
|
| 260 |
|
|
|a Delhi :
|b Ess Ess Publications,
|c 1997.
|
| 300 |
|
|
|a 147 p.
|
| 653 |
|
|
|a Library and information science
|
| 700 |
|
|
|a Laxman Rao, N.
|e editor.
|
| 700 |
|
|
|a Raju, A. A. N.
|e editor.
|
| 942 |
|
|
|c BK
|
| 999 |
|
|
|c 143266
|d 143266
|
| 952 |
|
|
|0 0
|1 0
|4 0
|6 020_000000000000000_RAJ_U
|7 0
|9 152362
|a LIS
|b LIS
|c ST1
|d 2006-04-07
|g 250.00
|i 01647
|l 0
|o 020 RAJ/U
|p LIS1647
|r 2016-07-26
|w 2016-07-26
|y BK
|
| 952 |
|
|
|0 0
|1 0
|4 0
|6 020_000000000000000_RAJ_U
|7 0
|9 152363
|a LIS
|b LIS
|c ST1
|d 2006-04-07
|g 250.00
|i 01690
|l 0
|o 020 RAJ/U
|p LIS1690
|r 2016-07-26
|w 2016-07-26
|y BK
|